Language and hegemony in Gramsci
Gardado en:
| Autor Principal: | |
|---|---|
| Formato: | Libro |
| Idioma: | inglés |
| Publicado: |
Londres
Ann Arbor
2004
Londres Pluto 2004 |
| Series: | Reading Gramsci
|
| Subjects: | |
| Tags: |
Engadir etiqueta
Sen Etiquetas, Sexa o primeiro en etiquetar este rexistro!
|
MARC
| LEADER | 00000nam a2200000 a 4500 | ||
|---|---|---|---|
| 001 | UCK5670 | ||
| 003 | CL-VaPUC | ||
| 008 | 050812e20040000uk |||||||||||||||||eng|d | ||
| 020 | |a 0745316654 | ||
| 082 | 0 | 4 | |a 335.43092 |b IVE |2 21 |
| 100 | 0 | |a Ives, Peter |e author |9 494570 | |
| 245 | 1 | 0 | |a Language and hegemony in Gramsci |
| 300 | |a 204 p | ||
| 942 | |c BK | ||
| 945 | |d 20050812 00:00:00 |a jcarroza | ||
| 260 | |a Londres |b Ann Arbor |c 2004 | ||
| 260 | |a Londres |b Pluto |c 2004 | ||
| 600 | 0 | 7 | |a GRAMSCI, ANTONIO |2 CL-VaPUC |9 310178 |
| 650 | 0 | |a Sociolingüística |9 263716 | |
| 650 | 0 | |a Ciencia política |9 324218 | |
| 650 | 0 | |a Lingüística |9 265068 | |
| 583 | |a last modification |c 20171004 04:41:15 |k Rodrigo Vera | ||
| 490 | 0 | |a Reading Gramsci | |
| 999 | |c 314166 |d 314164 | ||
| 952 | |0 0 |1 0 |4 0 |6 335_430920000000000_IVE_2004_2004 |7 0 |8 A |9 386159 |a FDOPOS |b FDOPOS |d 2019-11-22 |i 4153243 |o 335.43092 IVE 2004 2004 |p 4153243 |r 2025-01-22 |w 2019-11-22 |y BK |k MLA | ||